| 000 | 01106nac a22003257a 4500 | ||
|---|---|---|---|
| 001 | BR7705543 | ||
| 003 | BR-BrBNA | ||
| 005 | 20240105114147.0 | ||
| 008 | 230509b bl.|||m| |||| 00| 0 por d | ||
| 040 |
_aBR-BrBNA _bpor _cBiblioteca Nacional de Agricultura |
||
| 072 | _aF23; F22; F24 | ||
| 090 | _aF23 BR7705543 | ||
| 100 | 1 | _aBarrera, D. | |
| 110 | 1 |
_aPrograma Nacional de Melhoramento da Cana-de-Acucar, Rio Largo, AL (Brasil). Coordenadoria Regional Nordeste _98037 |
|
| 245 | 1 |
_aCaracterizacao morfologica e fisico-quimica dos solos da regiao canavieira do estado de Alagoas [Brasil] _bSub-Projeto meio-ambiente agronomia |
|
| 260 | 3 |
_aRio Largo, AL (Brasil): _c1977. |
|
| 300 | _a300 p. | ||
| 490 |
_aColecao Pesquisa Canavieira (Brazil) _vno. 2 _x |
||
| 500 | _a120 tables | ||
| 650 | _aSOLO | ||
| 650 | _aCLIMA | ||
| 650 | _aANALISE DO SOLO | ||
| 650 | _aPERFIL DO SOLO | ||
| 650 | _aRECONHECIMENTO DO SOLO | ||
| 650 | _aCLASSIFICACAO DO SOLO | ||
| 650 | _aREGIAO CANAVIEIRA | ||
| 650 | _aALAGOAS | ||
| 909 |
_a202312 _bLúcia Elande _c55 _dLúcia Elande |
||
| 942 |
_2AGRIS _n0 _cMS |
||
| 999 |
_c267721 _d267721 |
||